00340 2200145 4500001002100000005001500021035002000036245004500056100001900101300001200120260002800132082000800160084001400168990001200182INLIS00000000000201820250527085050 a0010-05250003101 aPsikologi Pembelajaran /cMohamad Asrori0 aMohamad Asrori a264 hlm bCV. Wacana Prima,c2007 a100 a100 MOH p a0713277